| 000 | 00555nam a2200205Ia 4500 | ||
|---|---|---|---|
| 005 | 20230330095841.0 | ||
| 008 | 140110s9999 xx 000 0 und d | ||
| 020 |
_a9788190805797 _cRs.90.00 |
||
| 040 | _aLoreto College | ||
| 041 | _aEnglish | ||
| 082 |
_a891.448 _bMAJ |
||
| 100 | _aMaji, Biplab | ||
| 245 |
_aTebhaga _bMedinipurer sangram _cBiplab Maji |
||
| 260 |
_aKolkata _bMonfakira _c2009 |
||
| 300 | _a139p. | ||
| 504 | _aIncludes bibliographical references | ||
| 650 | _aMedinipur-Peasant struggle-History | ||
| 850 | _aLCLIB | ||
| 942 | _cBK | ||
| 999 |
_c38582 _d89061 |
||